Specifier (Record no. 79292)

MARC details
000 -LEADER
fixed length control field 00814cab a22002175a 4500
001 - CONTROL NUMBER
control field L140511
008 - FIXED-LENGTH DATA ELEMENTS--GENERAL INFORMATION
fixed length control field 070926e20070921xxka a 000 0 eng d
035 ## - SYSTEM CONTROL NUMBER
System control number (Sirsi) u140511
041 0# - LANGUAGE CODE
Language code of text/sound track or separate title eng
100 1# - MAIN ENTRY--PERSONAL NAME
Personal name Holdsworth, Bill
245 00 - TITLE STATEMENT
Title Specifier
Remainder of title housing
260 ## - PUBLICATION, DISTRIBUTION, ETC.
Date of publication, distribution, etc. 2007
490 #0 - SERIES STATEMENT
Series statement Building
Volume/sequential designation 272(8498) 21 September 2007, 76-82(5)
520 ## - SUMMARY, ETC.
Summary, etc. Reports on techniques for flood-resilient homes, including the floating homes in Holland, and considers if a similar system could be adopted in the UK. Also looks at life-cycle costs for different types of fences, and provides details of housing products and suppliers.
590 ## - LOCAL NOTE (RLIN)
Local note KA
651 #4 - SUBJECT ADDED ENTRY--GEOGRAPHIC NAME
Geographic name United Kingdom
Chronological subdivision
690 ## - LOCAL SUBJECT ADDED ENTRY--TOPICAL TERM (OCLC, RLIN)
Topical term or geographic name as entry element Residential property
9 (RLIN) 6266
690 ## - LOCAL SUBJECT ADDED ENTRY--TOPICAL TERM (OCLC, RLIN)
Topical term or geographic name as entry element BUILT ENVIRONMENT-BUILDING ELEMENTS
700 1# - ADDED ENTRY--PERSONAL NAME
Personal name Mayer, Peter
942 ## - ADDED ENTRY ELEMENTS (KOHA)
Suppress in OPAC 0
Holdings
Withdrawn status Lost status Source of classification or shelving scheme Damaged status Not for loan Home library Current library Shelving location Date acquired Total Checkouts Full call number Barcode Date last seen Copy number Price effective from Koha item type
    Dewey Decimal Classification     London London Journal article 26/09/2007   L140511 140511-1001 06/08/2019 1 06/08/2019 Journal article